| 000 | 00696nam a22001817a 4500 | ||
|---|---|---|---|
| 005 | 20231130143640.0 | ||
| 010 | _aHIN- 126355 | ||
| 020 |
_a98-81-88363-93-3 _c395.00 |
||
| 035 | _aHN-98701 | ||
| 037 | _bDBAD/PUB | ||
| 082 |
_a920 _b1 |
||
| 100 |
_a कुमार एस _959251 |
||
| 245 |
_aसीडीएस जनरल बिपिन रावत/ _cकुमार एस |
||
| 260 |
_aरोहतक _bहिमानी पुस्तक भण्डार _c2022 |
||
| 270 |
_a950/25, चिन्योट कालोनी _bहरियाणा |
||
| 300 |
_a136 पृष्ठ _c23cm (सजिल्द) |
||
| 942 |
_cHN _h920 _2ddc _mसीडीएस |
||
| 999 |
_c199162 _d199162 |
||